Using Sage Simply Accounting 2012 / (Record no. 650)

000 -LEADER
fixed length control field 01527cam a2200421 a 4500
003 - CONTROL NUMBER IDENTIFIER
control field OCoLC
005 - DATE AND TIME OF LATEST TRANSACTION
control field 20210616082301.0
008 - FIXED-LENGTH DATA ELEMENTS--GENERAL INFORMATION
fixed length control field 120307s2013 onca b 001 0 eng d
020 ## - INTERNATIONAL STANDARD BOOK NUMBER
International Standard Book Number 0132951738
020 ## - INTERNATIONAL STANDARD BOOK NUMBER
International Standard Book Number 9780132951739
040 ## - CATALOGING SOURCE
Transcribing agency LANGC
050 ## - LIBRARY OF CONGRESS CALL NUMBER
Classification number HF5679
Item number .P8996 2013
090 ## - LOCALLY ASSIGNED LC-TYPE CALL NUMBER (OCLC); LOCAL CALL NUMBER (RLIN)
Classification number (OCLC) (R) ; Classification number, CALL (RLIN) (NR) 657.02855 PUR
100 1# - MAIN ENTRY--PERSONAL NAME
Personal name Purbhoo, M.,
Dates associated with a name 1949-
245 10 - TITLE STATEMENT
Title Using Sage Simply Accounting 2012 /
Statement of responsibility, etc. Mary Purbhoo.
260 ## - PUBLICATION, DISTRIBUTION, ETC.
Place of publication, distribution, etc. Toronto :
Name of publisher, distributor, etc. Pearson Canada,
Date of publication, distribution, etc. c2013.
300 ## - PHYSICAL DESCRIPTION
Extent 806, [45] pages
Other physical details illustrations ;
Dimensions 28 cm. +
Accompanying material 1 DVD.
336 ## - CONTENT TYPE
Content type term text
Content type code txt
Source rdacontent
337 ## - MEDIA TYPE
Media type term unmediated
Media type code n
Source rdamedia
338 ## - CARRIER TYPE
Carrier type term volume
Carrier type code nc
Source rdacarrier
500 ## - GENERAL NOTE
General note "Covers both Simply Accounting Premium 2012 and Simply Accounting Pro 2012."
504 ## - BIBLIOGRAPHY, ETC. NOTE
Bibliography, etc. note Includes bibliographical references and index.
650 #0 - SUBJECT ADDED ENTRY--TOPICAL TERM
Topical term or geographic name entry element Accounting
General subdivision Computer programs.
650 #0 - SUBJECT ADDED ENTRY--TOPICAL TERM
Topical term or geographic name entry element Accounting
General subdivision Computer programs
Form subdivision Textbooks.
650 #0 - SUBJECT ADDED ENTRY--TOPICAL TERM
Topical term or geographic name entry element Accounting
General subdivision Computer programs
Form subdivision Problems, exercises, etc.
650 #0 - SUBJECT ADDED ENTRY--TOPICAL TERM
Topical term or geographic name entry element Accounting
Form subdivision Case studies.
650 #0 - SUBJECT ADDED ENTRY--TOPICAL TERM
Topical term or geographic name entry element Accounting
General subdivision Data processing.
942 ## - ADDED ENTRY ELEMENTS (KOHA)
Source of classification or shelving scheme
Koha item type Book
Suppress in OPAC SO
Holdings
Withdrawn status Lost status Source of classification or shelving scheme Damaged status Not for loan Permanent Location Current Location Shelving location Date acquired Total Checkouts Full call number Barcode Date last seen Price effective from Koha item type Public note
          AU LIBRARY AU LIBRARY Open Shelf 16.06.2021   HF5679 .P8996 2013 28002818 16.06.2021 16.06.2021 Book SO

Powered by Koha